00989 a2200145 4500003000500000005001700005040000900022082001500031100002100046245005300067260003100120300001100151505066700162650001400829NUST20230201105117.0 cNust a942.06,DRI aDrinkwater, John aCromwell :bA Character Study /cJohn Drinkwater aLondonbHodder & Stoughton a266:p. aIntroduction (Page-9), Birth and Childhood (Page-19), Environment of Youth (Page-29), Marriage and A Puritan Home (Page-450, Parliament (Page-580, Divine Right (Page-69),Preparation (Page-80), The Star Chamber (Page-94), The Short Parliament (Page-107), Assembling of the Long Parliament (Page-114), The First Civil War (Page-138), The Iron sides (Page-152), The Army and The Parliament (Page-164), The Execution of the King (Page-173), Cromwell in 1649 (Page-180), Ireland (Page-188), Dunbar and Worcester (Page-209), Lord Protector (Page-217), First Protectorate Parliament (Page-228), Second Protectorate Parliament (page-242), Last Days and Death (Page-256). aBiography